Zonas de reserva forestal de Colombia (Registro nro. 5262)
[ vista simple ]
| 000 -CABECERA | |
|---|---|
| Campo de control | 01308cam a2200277 a 4500 |
| 005 - FECHA Y HORA DE LA ULTIMA TRANSACCION | |
| Campo de control | 20170208154257.0 |
| 008 - ELEMENTOS DE LONGITUD FIJA—INFORMACION GENERAL | |
| Campo de control | 060731q2003 ck abdo r l000 0 spa d |
| 020 ## - ISBN | |
| ISBN | 9589767931 |
| 040 ## - FUENTE DE CATALOGACIÓN | |
| Agencia catalogadora original | CO-BoPUJ |
| Agencia transcriptora | CO-BoIAVH |
| Agencia Modificadora | CO-BoIAVH |
| 041 0# - IDIOMA | |
| Código de idioma para texto/pista de sonido o título separado | Español |
| 044 ## - PAÍS DE PUBLICACIÓN | |
| País de publicación | Colombia |
| 090 ## - CLASIFICACIÓN LOCAL | |
| Colección | RE- |
| Consecutivo | 0053 |
| 245 00 - MENCION DE TITULO | |
| Título | Zonas de reserva forestal de Colombia |
| Parte restante del título | Ley 2a de 1959 : atlas temático |
| Mención de responsabilidad | José Miguel Orozco...[et al.] ; fotografía Juan Manuel Rengifo y Oscar Gómez |
| 260 ## - PUBLICACION, DISTRIBUCION, ETC. (PIE DE IMPRENTA) | |
| Lugar de publicación, distribución, etc. | Bogotá : |
| Nombre del editor, distribuidor, etc. | Ministerio de Ambiente, Vivienda y Desarrollo Territorial : |
| -- | Imprenta Nacional de Colombia, |
| Fecha de publicación, distribución, etc. | [2003?]. |
| 300 ## - DESCRIPCION FISICA | |
| Extensión | 131 páginas : |
| Otros detalles físicos | ilustraciones, fotos, gráficas, mapas a color y tablas ; |
| Dimensiones | 41 x 28 cm. |
| 504 ## - NOTA DE BIBLIOGRAFIA, ETC. | |
| Nota de bibliografía | Incluye referencias bibliográficas. |
| 505 0# - NOTA DE CONTENIDO | |
| Title | Aspectos legales. -- |
| -- | Amazonia. -- |
| -- | Central. -- |
| -- | Cocuy. -- |
| -- | Pacífico. -- |
| -- | Serrania de los Motilones. -- |
| -- | Río Magdalena. -- |
| -- | Sierra Nevada de Santa Marta. |
| 650 #6 - ASIENTO SECUNDARIO DE MATERIA - TERMINO TEMATICO | |
| Término temático o nombre geográfico como elemento de entrada | Reservas forestales |
| Subdivisión geográfica | Colombia |
| 650 #6 - ASIENTO SECUNDARIO DE MATERIA - TERMINO TEMATICO | |
| Término temático o nombre geográfico como elemento de entrada | Reservas forestales |
| Subdivisión general | Aspectos jurídicos |
| Subdivisión geográfica | Colombia |
| 650 #4 - ASIENTO SECUNDARIO DE MATERIA - TERMINO TEMATICO | |
| Término temático o nombre geográfico como elemento de entrada | Política forestal |
| Subdivisión geográfica | Colombia |
| 650 #6 - ASIENTO SECUNDARIO DE MATERIA - TERMINO TEMATICO | |
| Término temático o nombre geográfico como elemento de entrada | Ecología forestal |
| Subdivisión geográfica | Colombia |
| 700 1# - ASIENTO SECUNDARIO - NOMBRE PERSONAL | |
| Nombre personal | Orozco, José Miguel |
| 700 1# - ASIENTO SECUNDARIO - NOMBRE PERSONAL | |
| Nombre personal | Rengifo, Juan Manuel |
| Término de relación | Fotografía |
| 700 1# - ASIENTO SECUNDARIO - NOMBRE PERSONAL | |
| Nombre personal | Gómez, Oscar |
| Término de relación | Fotografía |
| 942 ## - ELEMENTOS ADICIONALES (KOHA) | |
| Sistema de clasificación | Dewey Decimal Classification |
| Tipo de ítem | Libro |
| Withdrawn status | Lost status | Sistema de Clasificación | Damaged status | No para préstamo | Colección | Inventariado | Ubicación Permanente | Ubicación actual | Fecha de adquisición | Fuente de Valor | Valor | Total Checkouts | Número topográfico | Inventario / Código de Barras | Date last seen | Ejemplar | Price effective from | Forma de adquisición | Tipo de material |
|---|---|---|---|---|---|---|---|---|---|---|---|---|---|---|---|---|---|---|---|
| Local | Referencia | Inventariado 2017 | Bogotá | Bogotá | 05/09/2006 | Instituto | 39000.00 | RE-00053 | 023270 | 04/12/2012 | Ej. 1 | 04/12/2012 | Referencia | ||||||
| Local | Referencia | Inventariado 2017 | Bogotá | Bogotá | 14/08/2009 | Instituto | 39000.00 | RE-00053 | 027456 | 04/12/2012 | Ej. 2 | 04/12/2012 | Referencia | ||||||
| Local | Recursos electrónicos | Bogotá | Bogotá | 08/02/2017 | MM-00381 | 042445 | 08/02/2017 | Ej. 1 | 08/02/2017 | Donación | CD-ROM | ||||||||
| Local | Referencia | Inventariado 2017 | Sala Fabio Quevedo | Sala Fabio Quevedo | 29/09/2006 | Instituto | 39000.00 | RE-00053 | 023273 | 04/12/2012 | Ej. 3 | 04/12/2012 | Referencia |